| 000 | 00469nam a22001817a 4500 | ||
|---|---|---|---|
| 005 | 20241114123545.0 | ||
| 008 | 241114b |||||||| |||| 00| 0 eng d | ||
| 020 | _a9788170141518 | ||
| 050 |
_aQA276. _b12 GUP |
||
| 100 | _aGUPTA, S.C. | ||
| 245 | _aFUNDAMENTALS OF APPLIED STATISTICS | ||
| 250 | _a3RD | ||
| 260 |
_aNEW DELHI _bSULTAN CHAND AND SONS _cc2001 |
||
| 300 |
_axvi,970p _bill.; |
||
| 500 | _aincludes index | ||
| 700 | _aV.K. KAPOOR | ||
| 942 |
_2lcc _cBK _n0 |
||
| 999 |
_c1185 _d1185 |
||